000 00209 a2200097 4500
020 _a9780822530947
041 _aspa
100 _aRhodes Figley,Marty
245 _asalvar a la campana de la libertad
942 _cBK
999 _c8811
_d8811